2024 NCAA Wrestling All Americans - Statistics

General Stats
  • This quiz has been taken 76 times
  • The average score is 19 of 80
Answer Stats
Placement & Weight College Wrestler % Correct
125 ILB 2nd Place Iowa Drake Ayala
80%
133 ILB 2nd Place Oklahoma State Daton Fix
65%
141 ILB 1st Place Ohio State Jesse Mendez
58%
125 ILB 1st Place Arizona State Richard Figueroa
58%
133 ILB 3rd Place Lehigh Ryan Crookham
58%
141 ILB 2nd Place Penn State Beau Bartlett
50%
133 ILB 1st Place Cornell Vito Arujau
50%
165 ILB 1st Place Iowa State David Carr
48%
133 ILB 4th Place Little Rock Nasir Bailey
45%
149 ILB 2nd Place Michigan Austin Gomez
43%
141 ILB 3rd Place Nebraska Brock Hardy
43%
149 ILB 1st Place Virginia Tech Caleb Henson
43%
174 ILB 1st Place Penn State Carter Starocci
43%
133 ILB 6th Place Iowa State Evan Frost
43%
157 ILB 1st Place Penn State Levi Haines
43%
125 ILB 4th Place Wisconsin Eric Barnett
40%
197 ILB 1st Place Penn State Aaron Brooks
38%
125 ILB 3rd Place Lock Haven Anthony Noto
38%
125 ILB 6th Place Nebraska Caleb Smith
38%
125 ILB 5th Place Lehigh Luke Stanich
38%
141 ILB 4th Place Iowa Real Woods
35%
149 ILB 5th Place Arizona State Kyle Parco
33%
157 ILB 2nd Place Iowa Jacori Teemer
30%
133 ILB 8th Place NC State Kai Orine
30%
149 ILB 3rd Place Penn State Tyler Kasak
30%
133 ILB 5th Place Michigan Dylan Ragusin
28%
133 ILB 7th Place Rutgers Dylan Shawver
28%
125 ILB 7th Place Wyoming Jore Volk
28%
141 ILB 6th Place North Carolina Lachlan McNeil
28%
165 ILB 4th Place Iowa Michael Caliendo
28%
125 ILB 8th Place South Dakota State Tanner Jordan
28%
157 ILB 3rd Place Cornell Meyer Shapiro
25%
149 ILB 6th Place Nebraska Ridge Lovett
25%
141 ILB 7th Place NC State Ryan Jack
25%
165 ILB 2nd Place Penn State Mitchell Mesenbrink
23%
285 ILB 1st Place Penn State Greg Kerkvliet
20%
285 ILB 3rd Place Air Force Wyatt Hendrickson
20%
157 ILB 6th Place Virginia Tech Bryce Andonian
18%
285 ILB 6th Place Arizona State Cohlton Schultz
18%
184 ILB 2nd Place Oklahoma State Dustin Plott
18%
174 ILB 4th Place Virginia Tech Mekhi Lewis
18%
174 ILB 2nd Place Ohio State Rocco Welsh
18%
149 ILB 4th Place West Virginia Ty Watters
18%
149 ILB 7th Place Iowa State Casey Swiderski
15%
157 ILB 8th Place Iowa Jared Franek
15%
165 ILB 7th Place West Virginia Peyton Hall
15%
174 ILB 3rd Place Michigan Shane Griffith
15%
141 ILB 8th Place Minnesota Vance Vombaur
15%
157 ILB 4th Place Stanford Daniel Cardenas
13%
197 ILB 4th Place Cornell Jacob Cardenas
13%
174 ILB 6th Place Columbia Lennox Wolak
13%
285 ILB 2nd Place Michigan Lucas Davidson
13%
285 ILB 5th Place Ohio State Nick Feldman
13%
184 ILB 1st Place Northern Iowa Parker Keckeisen
13%
157 ILB 7th Place Nebraska Peyton Robb
13%
149 ILB 8th Place Rider Quinn Kinner
13%
197 ILB 3rd Place Oklahoma Stephen Buchanan
13%
197 ILB 7th Place Little Rock Stephen Little
13%
197 ILB 5th Place South Dakota State Tanner Sloan
13%
197 ILB 2nd Place NC State Trent Hidlay
13%
165 ILB 6th Place Stanford Hunter Garvin
10%
184 ILB 6th Place Minnesota Isaiah Salazar
10%
157 ILB 5th Place Ohio Peyten Kellar
10%
197 ILB 6th Place Missouri Rocky Elam
10%
285 ILB 4th Place Missouri Zach Elam
10%
165 ILB 8th Place Nebraska Antrell Taylor
8%
184 ILB 4th Place South Dakota State Bennett Berge
8%
184 ILB 5th Place Penn State Bernie Truax
8%
174 ILB 5th Place South Dakota State Cade DeVos
8%
285 ILB 8th Place Campbell Taye Ghadiali
8%
184 ILB 3rd Place Oregon State Trey Munoz
8%
174 ILB 7th Place Illinois Edmond Ruth
5%
165 ILB 5th Place Oklahoma State Izzak Olejnik
5%
197 ILB 8th Place Lehigh Michael Beard
5%
285 ILB 7th Place Rutgers Yaraslau Slavikouski
5%
141 ILB 5th Place Iowa State Anthony Echmendia
3%
174 ILB 8th Place Army Benjamin Pasiuk
3%
184 ILB 7th Place Virginia Tech TJ Stewart
3%
184 ILB 8th Place Navy David Key
0%
165 ILB 3rd Place Missouri Keegan O´Toole
0%
No matching quizzes found
Score Distribution
Percent of People with Each Score
Percentile by Number Answered
Your Score History
You have not taken this quiz